Anatomia i fizjologia człowieka - układ mięśniowy - Statystyki

Ogólne statystyki
  • Ten quiz został rozwiązany 19 razy
  • Średni wynik to 12 z 58
Statystyki odpowiedzi
Opis Odpowiedź % Poprawnych
Prążek ciemny (anizotropowy) prążek A
88%
Prążek jasny (izotropowy) prążek I
88%
Odcinek prążka ciemnego, w którym dwa rodzaje miofibryli nie zachodzą na siebie smuga H
76%
Układ mięśniowy i szkieletowy wspólnie tworzą ten układ układ ruchu
59%
Część mięśnia przytwierdzająca go do kości ścięgno
53%
Nazwa pojedynczej komórki mięśniowej miocyt/włókno mięśniowe
41%
Tkanka, z której zbudowane są mięśnie tkanka mięśniowa poprzecznie prążkowana szkieletowa
41%
Białko, z którego zbudowane są miofilamenty grube; zbudowane z głowy i ogona miozyna
35%
Mięśnie uczestniczące w ruchu zginania i prostowania prostownik
35%
Mięśnie uczestniczące w ruchu zginania i prostowania zginacz
35%
Białko, z którego zbudowane są miofilamenty cienkie aktyna
29%
Mięśnie współdziałające w wykonywaniu ruchu - w przeciwnym kierunku antagonistyczne
29%
Kurczliwa część mięśnia brzusiec
29%
Zdolność mięśni szkieletowych do wykonywania skurczów kurczliwość
29%
Mięśnie uczestniczące w ruchu przywodzenia i odwodzenia odwodziciel
29%
Mięśnie uczestniczące w ruchu przywodzenia i odwodzenia przywodziciel
29%
Makroelement niezbędny do przebiegu skurczu mięśnia szkieletowego; jest magazynowany w gładkiej siateczce śródplazmatycznej wapń
29%
Błona otaczająca pęczek mięśniowy omięsna
24%
Podstawowa jednostka kurczliwa włókna mięśniowego sarkomer
24%
Mięśnie współdziałające w wykonywaniu ruchu - w tym samym kierunku synergistyczne
24%
Opóźniony ból mięśniowy po intensywnym wysiłku fizycznym zakwasy
24%
Nazwa jednej z części kurczliwej mięśnia szkieletowego - niektóre mięśnie mają ich więcej głowa
18%
Podstawowy substrat oddychania komórkowego glukoza
18%
Błona otaczająca mięsień namięsna
18%
Zdolność mięśni szkieletowych do reagowania na bodźce pobudliwość
18%
Rodzaj skurczu mięśnia, w którym nie zmienia się jego długość; związany z pracą statyczną skurcz izometryczny
18%
Rodzaj skurczu mięśnia, w którym nie zmienia się jego napięcie; związany z pracą dynamiczną skurcz izotoniczny
18%
Błona otaczająca włókno mięśniowe śródmięsna
18%
Metody lub substancje stosowane w celu podniesienia wydolności organizmu i przybrania masy mięśniowej doping
12%
Mięśnie uczestniczące w ruchu podnoszenia i opuszczania dźwigacz
12%
Sposób pozyskiwania energii przez włókna mięśniowe bez udziału tlenu fermentacja mleczanowa
12%
Proces rozkładu glikogenu glikogenoliza
12%
Synteza glukozy z substratu innego niż cukry glukoneogeneza
12%
Globularne białko mięśni o funkcji magazynującej, podobne w strukturze do hemoglobiny mioglobina
12%
Oddychanie komórkowe występujące powszechnie w większości komórek człowieka oddychanie tlenowe
12%
Forma tego białka związana z tlenem oksymioglobina
12%
Nazwa cytoplazmy włókna mięśniowego sarkoplazma
12%
Napięcie spoczynkowe mięśni tonus
12%
Typ włókien mięśniowych wykazujące dużą szybkość skurczu i małą wytrzymałość na zmęczenie; korzystają z metabolizmu beztlenowego i zawierają mało mioglobiny włókna białe
12%
Typ włókien mięśniowych o powolnym narastaniu siły skurczu i dużej wytrzymałości na zmęczenie; korzystają z metabolizmu tlenowego i zawierają dużo mioglobiny włókna czerwone
12%
Neuroprzekaźnik uczestniczący w komunikacji układu nerwowego i mięśnia acetylocholina
6%
Błona komórkowa włókna mięśniowego błona sarkoplazmatyczna/sarkolema
6%
Zespół włókien mięśniowych unierwianych przez ten sam neuron jednostka motoryczna
6%
Poprzeczna błona, do której przyczepione są jednym końcem cząsteczki miofilamentów grubych linia M
6%
Poprzeczna błona, do której przyczepione są jednym końcem łańcuchy miofilamentów cienkich linia Z
6%
Szczególny rodzaj gładkiej siateczki śródplazmatycznej wewnątrz włókna mięśniowego siateczka sarkoplazmatyczna
6%
Następowanie po sobie obu rodzajów skurczu skurcz auksotoniczny
6%
Wytwarzanie ciepła poprzez skurcze mięśni szkieletowych termogeneza drżeniowa
6%
Rodzaj tkanki, która buduje tę część tkanka łączna właściwa zbita
6%
Białko regulujące skurcz mięśnia tropomiozyna
6%
Białko regulujące skurcz mięśnia troponina
6%
Rodzaj fosforylacji zachodzący w mięśniach, dla którego donorem grupy fosforanowej jest fosfokreatyna fosforylacja substratowa
0%
Wpuklenie tejże błony do wnętrza włókna mięśniowego kanały T
0%
Mięśnie uczestniczące w ruchu podnoszenia i opuszczania mięsień obniżający
0%
Włókienka kurczliwe wypełniające wnętrze włókna mięśniowego miofibryle
0%
Miejsce komunikacji układu nerwowego i mięśnia synapsa nerwowo-mięśniowa
0%
Wielojądrowy twór utworzony przez złączenie się wielu komórek (np. mioblastów) w jedną funkcjonalną komórkę; w ten sposób zbudowana jest dojrzała komórka mięśnia szkieletowego syncytium
0%
Typ włókien mięśniowych o mieszanych właściwościach dwóch pozostałych włókien włókna pośrednie
0%
Nie znaleziono quizów pasujących do podanych kryteriów
Rozkład punktacji
Procent ludzi z każdym wynikiem
Percentyl według liczby udzielonych odpowiedzi
Twoja historia wyników
Nie rozwiązałeś tego quizu